Country plans and programmes for rubber development and FAO assistance (Record no. 56454)

MARC details
000 -LEADER
fixed length control field 00478nam a2200157Ia 4500
100 ## - MAIN ENTRY--AUTHOR NAME
Personal name Gunawardena K J
245 #0 - TITLE STATEMENT
Title Country plans and programmes for rubber development and FAO assistance
260 ## - PUBLICATION, DISTRIBUTION, ETC. (IMPRINT)
Name of publisher Journal of the Rubber Research Institute of Sri Lanka : Conference Proceedings
Year of publication 1977
300 ## - PHYSICAL DESCRIPTION
Number of Pages 417-421
650 ## - SUBJECT ADDED ENTRY--TOPICAL TERM
Topical Term FAO
650 ## - SUBJECT ADDED ENTRY--TOPICAL TERM
Topical Term Guayule rubber
650 ## - SUBJECT ADDED ENTRY--TOPICAL TERM
Topical Term Isoprenic rubber
650 ## - SUBJECT ADDED ENTRY--TOPICAL TERM
Topical Term Rubber
942 ## - ADDED ENTRY ELEMENTS (KOHA)
Koha item type Journals
Holdings
Withdrawn status Lost status Damaged status Not for loan Home library Current library Shelving location Date acquired Serial Enumeration / chronology Koha item type
      Journals RRII Library RRII Library Rubber general 17/12/2021 Volume 54, Issue 1;2 Journals